Quizz Harry Potter - Harry Potter - Statistiques

Statistiques générales
  • Ce quiz a été pris 208 fois
  • Le résultat moyen est 9 sur 15
Statistiques - réponses
Hint Réponse % Correct
« Tu as les … de ta mère » Yeux
98%
Celui qui est son parrain Sirius Black
91%
Personnes qui n’ont pas de magie, son oncle, son cousin et sa tante en sont… Moldus
87%
Son deuxième prénom James
85%
Son fils aîné James Sirius Potter
85%
Sa femme Ginny Weasley
83%
La forme de son Patronus ? Un cerf
81%
Son deuxième fils Albus Severus Potter
65%
Sa fille unique Lily Luna Potter
57%
Acteur qui le joue dans les films Daniel Radcliffe
50%
De quelle façon accède t’il à la Pierre de Résurrection dans le dernier film ? Grâce au Vif d’Or
35%
Quel est le bois de sa baguette ? Houx
20%
La profession qu’il exerce à partir de 2007 Chef du Bureau des Aurors
14%
Cadeau que lui offre les Dursley à Noël lors de sa quatrième année Un mouchoir en papier
8%
Surnom qui lui est donné par Lucius Malefoy après son audience au Ministère Patronus Potter
3%
Aucun quiz correspondant
Distribution des résultats
% des personnes avec chaque résultat
Percentile par nombre de réponses
Votre historique - résultats
Vous n’avez pas pris ce quiz